Naruto characters - Statistics

General Stats
  • This quiz has been taken 264 times
  • The average score is 37 of 40
Answer Stats
Hint Answer % Correct
In love with Naruto Hinata
100%
sensei of the team 7 Kakashi
100%
Main character Naruto
100%
^ best friend Sasuke
100%
Slayed his entire family Itachi
99%
in love with ^ Sakura
99%
In love with food Choji
98%
In love with his dog Kiba
98%
In love with insects Shino
98%
sensei of the team 10 Asuma
97%
Can only use Taijutsu Rock lee
97%
Lazy genius Shikamaru
97%
Comes into people's minds Ino
96%
Uses weapons Tenten
96%
leader of the Akatsuki Pain
95%
In love with explosions Deidara
94%
Only woman in the Akatsuki Konan
94%
4th Hokage Minato
94%
Has scary white eyes Neji
94%
5th Hokage Tsunade
94%
Half black, half white Zetsu
94%
Sensei of the team 9 Guy
93%
1st Hokage Hashirama
93%
Snake lover, legendary sannin Orochimaru
93%
sensei of the team 8 Kurenai
92%
Made puppets with his own parents Sasori
92%
2nd Hokage Tobirama
92%
Owner of Samehada Kisame
91%
5th Kazekage Gaara
90%
3rd Hokage Hiruzen
90%
In love with women, legendary sannin Jiraiya
89%
got half his head crushed Obito
88%
Has many hearts, loves money Kakuzu
87%
^ sister Temari
86%
assistant of ^ Kabuto
85%
True enemy, co-fundor of Konoha Madara
85%
^ was in love with her Rin
83%
^ brother Kankuro
79%
Creator of the Chakra Kaguya
74%
^ son, creator of Ninjutsu Hagoromo
65%
No matching quizzes found
Score Distribution
Percent of People with Each Score
Percentile by Number Answered
Your Score History
You have not taken this quiz